000
00303nam a22001337a 4500
008
170525b xxu||||| |||| 00| 0 eng d
020
_a
9780070109148
041
_a
eng
080
_a
621
100
_a
26
101
_a
im
245
_a
ELECTRIC MACHINERY FUNDAMENTALS
_c
CHAPMAN.S.J
942
_2
udc
_c
BK
999
_c
14191
_d
14191